000
00329nam a2200133Ia 4500
008
231017s9999 xx 000 0 und d
082
_a
625.85
082
_b
SHI
245
4
_a
The Use of Secondary Aggregates in Bituminous Mixtures
245
0
_c
Akira Shiratori
260
_b
Akira Shiratori
300
_c
30cm
942
_c
REP
999
_c
604509
_d
604509